000 00518nam a2200193Ia 4500
003 GCL
008 140319s9999 xx 000 0 eng d
040 _aGCL /
_cGCL
082 0 4 _a155.4
_bC U
100 1 _aCOHEN, IMON
245 1 0 _aUNDERSTANDING OTHER MINDS: PERSPECTIVES FROM AUTISM /
_cCOHEN, IMON
700 1 _aFLUSBERG, HELEN
260 _a[S.N] :
_bOXFORD UNIVERSITY PRESS ،
_c1994
300 _a515 P
650 0 4 _aCHILDREN
650 0 4 _aMIND
650 0 4 _aCHILDREN BOOKS AND READING
942 _2ddc
_cBK
999 _c10790
_d10790